MARC details
| 000 -LEADER |
| fixed length control field |
03255 a2200289 4500 |
| 001 - CONTROL NUMBER |
| control field |
200422189 |
| 003 - CONTROL NUMBER IDENTIFIER |
| control field |
TR-AnTOB |
| 005 - DATE AND TIME OF LATEST TRANSACTION |
| control field |
20241011161606.0 |
| 008 - FIXED-LENGTH DATA ELEMENTS--GENERAL INFORMATION |
| fixed length control field |
150612s2005 tu 000 0 |
| 040 ## - CATALOGING SOURCE |
| Original cataloging agency |
TR-AnTOB |
| Language of cataloging |
eng |
| Description conventions |
rda |
| Transcribing agency |
TR-AnTOB |
| 041 ## - LANGUAGE CODE |
| Language code of text/sound track or separate title |
İngilizce |
| 050 #4 - LIBRARY OF CONGRESS CALL NUMBER |
| Classification number |
QC625 |
| Item number |
.C65 2005 |
| 090 ## - LOCALLY ASSIGNED LC-TYPE CALL NUMBER (OCLC); LOCAL CALL NUMBER (RLIN) |
| Classification number (OCLC) (R) ; Classification number, CALL (RLIN) (NR) |
QC625 .C65 2005 |
| 111 2# - MAIN ENTRY--MEETING NAME |
| 9 (RLIN) |
106822 |
| Meeting name or jurisdiction name as entry element |
Colloquium On Micro/Nano Thermal Engineering |
| Date of meeting |
(2005 : |
| Location of meeting |
Seoul, Korea) |
| 245 10 - TITLE STATEMENT |
| Title |
Proceedings of the colloquium on micro/nano thermal engineering |
| Remainder of title |
August 17-19, 2005 / |
| Statement of responsibility, etc. |
edited by M. S. Kim. |
| 264 #1 - PRODUCTION, PUBLICATION, DISTRIBUTION, MANUFACTURE, AND COPYRIGHT NOTICE |
| Place of production, publication, distribution, manufacture |
Seoul, Korea : |
| Name of producer, publisher, distributor, manufacturer |
Micro Thermal System Research Center , Seoul National University, |
| Date of production, publication, distribution, manufacture, or copyright notice |
2005. |
| 300 ## - PHYSICAL DESCRIPTION |
| Extent |
370 pages : |
| Other physical details |
figures, |
| Dimensions |
29 cm. |
| 336 ## - CONTENT TYPE |
| Content type term |
text |
| Source |
rdacontent |
| 337 ## - MEDIA TYPE |
| Media type term |
unmediated |
| Source |
rdamedia |
| 338 ## - CARRIER TYPE |
| Carrier type term |
volume |
| Source |
rdacarrier |
| 505 0# - FORMATTED CONTENTS NOTE |
| Formatted contents note |
Implications of Electrokinetics Phenomena in Channel Flow / J. Masliyah and S. Bhattacharjee (University of Alberta) -- Electrokinetics Microfluidics and Lab-on-a Chip / D. Li (University of Toronto) -- Deep Hole Micro EDM with Ultrasonic Vibration / S. U. Je (LG Electronics) -- Micro/Nano-Scale Energy Transport and Material Removal during Ultrafast Laser-Material Interactions / H. L. Tsai and L. Jiang ( University of Missouri-Rolla) -- Single-Phase Convective Heat Transfer in Microchannels and in Microtubes for Gaseous Flow: The State-of-the-Art Review / S. Kakaç and W Sun (University of Miami) -- Fully-Flexible Cell (N-Sigma-T) Simulation for Solid Unit Cell / M. Cho and K. Choi (Seoul National Library) -- Fokker-Planck Approach to Hot Electron Dynamics of Ultrafast Laser Interactions with Dielectrics / S. H. Lee (Chung-Ang University), J. S. Lee (Seoul National University), Y. K. Choi (Chung-Ang University), and S. Park (Hongik University) -- Micro Power Generation Using Thermal Bubbles / H. Y. Kim (Seoul National University), H. J. Lee, Y. S. Chang, and Y. P. Lee (Korea Institute of Science and Technology) -- Scale Effects of Heat and Fluid Flow for Application to Micro and Nano Technologies / S. Maruyama (Tohoku University) -- Mimicking Nature's Superhydrophobic Surface Using a Temperaure-Directed Micro/Nanopatterning Method / H. E. Jeong, S. H. Lee, J. K. Kim, and K. -Y. Suh (Seoul National University) -- The Opportunity of Printing Technology for Display Manufacturing Process / K. -S. Kwon, S.-J. Kim (Samsung Advanced Institute of Technology) -- Molecular Dynamics Study on Heat Transport in Nanoscale Channel / M. Han, J. S. Lee (Seoul National University), and S. Park (Hongik University) -- Bio-Manipulation Based on Electrostatic Surface Field Effects / M. Washizu (The University of Tokyo) -- Small-Scale Thermo-Electro-Mechanical Systems: Engineering Applications of Carbon Nanotubes and Nanoparticles / T. Y. Choi, D. Poulikakos, and U. Sennhauser / Swiss Federal Institute of Technology) -- Boiling and Condensation in Microchannels / P. Cheng and H. Y. Wu (Shanghai Jiaotong University) -- Nanoscale Thermal Conductivity Imaging Using Thermoelectrics SThM Probe / O. M. Kwon (Korea University) and J. S. Lee (Seoul National University) |
| 590 ## - LOCAL NOTE (RLIN) |
| Local note |
Donated by Prof. Dr. Sadık Kakaç. |
| 650 #4 - SUBJECT ADDED ENTRY--TOPICAL TERM |
| Topical term or geographic name entry element |
Electrokinetics |
| Form subdivision |
Congresses |
| 9 (RLIN) |
106823 |
| 700 1# - ADDED ENTRY--PERSONAL NAME |
| Personal name |
Kim, M. S. |
| 9 (RLIN) |
106821 |
| 942 ## - ADDED ENTRY ELEMENTS (KOHA) |
| Koha item type |
Book |
| Source of classification or shelving scheme |
Library of Congress Classification |